000 00749nam a2200289Ia 4500
005 20260324115613.0
008 008 260324s9999 xx 000 0 eng d
020 _a9781315155821
037 _aEBOOK
040 _aCRL
040 _beng
040 _cCRL
041 _2eng
041 _aeng
084 _qCRL
100 _aAthanasios G. Kanatas; Konstantina S. Nikita; Panagiotis (Takis) Mathiopoulos
_91155305
245 0 _aNew Directions in Wireless Communications Systems
245 0 _bFrom Mobile to 5G
260 _bTaylor and Francis
260 _c2017
365 _a
365 _b260
856 _uhttp://www.taylorfrancis.com/books/9781315155821
942 _cEBOOK
999 _c1746299
_d1746299